Zajava Rady SRUSR

Bibliographic Details
Format: Article
Language:Ukrainian
Subjects:

MARC

LEADER 00000nab a2200000 a 4500
001 vtls000556841
003 SK-MaSNL
005 20260319074722.0
008 180130c1995 xo 0 ukr
015 |a SNBRB19rr/mm-uuuuu 
035 |a CL0556979 
040 |a SNKBUCL  |b slo  |c SNKBUCL  |e AACR2 
041 0 |a ukr 
044 |a xo  |c SK 
080 |a 323.15(437.6=875=83):061.2  |2 1981 
245 0 0 |a Zajava Rady SRUSR 
650 0 7 |a Zväz Rusínov a Ukrajincov na Slovensku  |2 snkbucl  |9 900439 
655 7 |a články z novín a časopisov  |2 snkbucl  |9 267496 
773 0 |t Nove žyttja  |g Roč. 45, č. 23 (1995), s. 1 
850 |a Slovenská národná knižnica v Martine  |a POA001 
852 |a SNK  |b KIS3GCP 
958 |a RK 
958 |a UK 
958 |a SK 
992 |a RBX 
999 |c 1611396  |d 1613326